Podpora obrazového formátu Lepton v OS Windows

Uložené v:
Podrobná bibliografia
Hlavný autor: Okša, Marek (Autor)
Ďalší autori: Ploszek, Roderik (Vedúci práce)
Médium: Rukopis Kniha
Jazyk:Slovak
Vydavateľské údaje: Bratislava : STU v Bratislave FEI, 2021
Predmet:
On-line prístup:https://opac.crzp.sk/?fn=detailBiblioForm&sid=38F43C5054BC4F7F2AB5CEF31F28&seo=CRZP-detail-kniha
Tagy: Pridať tag
Žiadne tagy, Buďte prvý, kto otaguje tento záznam!

MARC

LEADER 00000ntm a22000003a 4500
001 stuzp77731
003 SK-STU
005 20220202115740.1
007 ta
008 150427s2015----xo-----f-mn---000-0-slo-d
040 |a STU  |b slo 
041 0 |a slo 
044 |a xo 
100 1 |a Okša, Marek  |u 035000  |4 aut  |U FEI Fakulta elektrotechniky a informatiky  |T FEI Ústav informatiky a matematiky  |X 86319  |U E050  |Y 816  |7 86319 
242 0 1 |a Lepton Image Format Support in Windows OS  |y eng 
245 1 0 |a Podpora obrazového formátu Lepton v OS Windows 
260 |a Bratislava :  |b STU v Bratislave FEI,  |c 2021 
300 |a 54 s., príl. 
650 4 |a obrázkový formát  |2 slo 
650 4 |a OS Windows  |2 slo 
650 4 |a kompresia  |2 slo 
650 4 |a miesto na disku  |2 slo 
650 4 |a Lepton  |2 slo 
650 4 |a image format  |2 eng 
650 4 |a compression  |2 eng 
650 4 |a disk space  |2 eng 
650 4 |a Lepton  |2 eng 
650 4 |a Windows OS  |2 eng 
700 1 |a Ploszek, Roderik  |u 035000  |k Z3  |4 ths  |U FEI Fakulta elektrotechniky a informatiky  |T FEI Ústav informatiky a matematiky  |X 72983  |U E050  |Y 816  |7 72983 
856 4 |u https://opac.crzp.sk/?fn=detailBiblioForm&sid=38F43C5054BC4F7F2AB5CEF31F28&seo=CRZP-detail-kniha